000 00918nam a22002295a 4500
005 20100508135453.0
008 080520s2008 nyu 000 0 eng
020 _a9788171887729
_c995.00
037 _bIBD
040 _aDPL
_bEnglish
100 _aSharma, Murari R.
245 _aUnited nations international civil service:
_cby Murari R. Sharma [and] Ajit M. Banerjee
_bperceptions, realities and career guidance /
260 _aNew Delhi
_bAcademic Foundations
_c2009
270 _a4772-73/23 Bharat Ram Road, 23, Ansari Raod, Daryaganj
_bNew Delhi
_e110002
300 _a434p.
_b26cm(Hb)
500 _aIncludes bibliographical references, glossary and index
700 _aBanerjee, Ajit M.
942 _2ddc
_cEN
_mSHA
999 _c35838
_d35838